Lokální počítačové sítě

Enregistré dans:
Détails bibliographiques
Auteur principal: Hejna, Ladislav
Format: Livre
Langue:tchèque
Publié: Praha Grada 1994
Édition:1. vyd.
Sujets:
Tags: Ajouter un tag
Pas de tags, Soyez le premier à ajouter un tag!

MARC

LEADER 00000nam a2200000 4500
001 c004705
005 20221205140740.7
020 |a 80-85623-99-4 
041 0 |a cze 
044 |a CZ 
245 1 0 |a Lokální počítačové sítě  |c Ladislav Hejna 
250 |a 1. vyd. 
264 1 |a Praha  |b Grada  |c 1994 
300 |a 139 s. 
610 2 0 |a siete počítačové 
610 2 0 |a pojmy 
610 2 0 |a služby 
610 2 0 |a vybavenosť technická 
610 2 0 |a hardvér 
610 2 0 |a softvér 
610 2 0 |a normy 
610 2 0 |a štandardizácia 
610 2 0 |a OSI Model 
610 2 0 |a systémy operačné 
610 2 0 |a používatelia 
610 2 0 |a LANtastic 
610 2 0 |a NET 
610 2 0 |a NET MGR 
610 2 0 |a pošta elektronická 
610 2 0 |a komunikácia 
610 2 0 |a Novell 
610 2 0 |a NetWare 
610 2 0 |a klient-server 
100 1 |a Hejna, Ladislav